Straight talk to men and their wives. (Record no. 14816)

000 -LEADER
fixed length control field 00757nam a2200229 a 4500
001 - CONTROL NUMBER
control field :::00012650$&:&@@
003 - CONTROL NUMBER IDENTIFIER
control field OkBaRHE
005 - DATE AND TIME OF LATEST TRANSACTION
control field 20000607103421.0
008 - FIXED-LENGTH DATA ELEMENTS--GENERAL INFORMATION
fixed length control field s1980 j 000 0 eng u
020 ## - INTERNATIONAL STANDARD BOOK NUMBER
International Standard Book Number 0849902606
040 ## - CATALOGING SOURCE
Transcribing agency
100 1# - MAIN ENTRY--PERSONAL NAME
Personal name Dobson, James C., 1936-
245 10 - TITLE STATEMENT
Title Straight talk to men and their wives.
260 ## - PUBLICATION, DISTRIBUTION, ETC. (IMPRINT)
Place of publication, distribution, etc Waco, TX. :
Name of publisher, distributor, etc Word Books
Date of publication, distribution, etc c1980
300 ## - PHYSICAL DESCRIPTION
Extent 222 p. : illus. ;
Dimensions 23 cm.
650 ## - SUBJECT ADDED ENTRY--TOPICAL TERM
Topical term or geographic name as entry element Fathers
General subdivision United States
650 ## - SUBJECT ADDED ENTRY--TOPICAL TERM
Topical term or geographic name as entry element Men
General subdivision Psychology
650 ## - SUBJECT ADDED ENTRY--TOPICAL TERM
Topical term or geographic name as entry element Men
General subdivision United States
942 ## - ADDED ENTRY ELEMENTS (KOHA)
Source of classification or shelving scheme
Koha item type Books
Copies
Withdrawn status Shelving location Permanent Location Not for loan Full call number Date acquired Copy number Koha item type Date last seen Source of classification or shelving scheme Lost status Barcode Damaged status Price effective from
 General StacksRHEMA Bible Training College HQ 1090.3 .D62010-04-141Books2010-04-14  12650 2010-04-14
 General StacksRHEMA Bible Training College HQ 1090.3 .D62010-04-142Books2010-04-14  16668 2010-04-14